000 00474nam a2200181Ia 4500
003 OSt
005 20220401060353.0
008 211109s9999||||xx |||||||||||||| ||und||
040 _cSBCL
082 _a894.8122
_bMAN-S
100 _aMani, T T
245 0 _aShakespeare Kritithikal
260 _bPrentice Hall of India
_aNewdelhi
_c1975
300 _ax-950
630 _xGeneral Stack
650 _aEnglish literature
_vliteratureShakespeare's works
_xEnglish
942 _cBOOK
999 _c4975
_d4975